000 00524nam a2200169 4500
001 145381
003 ES-MaACL
005 20230906201223.0
007 t|
008 070214s1968 sp r ||||1| spa d
100 1 _aSpedding, C. R. W.
_9107666
245 1 0 _aProducción ovina /
_cC. R. W. Spedding ; traducción de M. Cordero del Campillo.
260 _aLeón :
_bAcademia,
_c1968.
300 _aXIV, 413 p., 4 lám. ;
_c23 cm.
700 1 _aCordero del Campillo, Miguel.
_940521
852 _aES-MaACL
_jC-37110
_bR.68852
999 _c145381
_d145381